Statystyki dla 10 największych miast w Finlandii

Kliknij tutaj aby rozwiązać quiz!

Ogólne statystyki

  • Ten quiz został rozwiązany 104 razy
  • Średni wynik to 5 z 10

Statystyki odpowiedzi

PopulacjaMiasta% Poprawnych
648 000Helsinki
99%
190 000Turku
72%
119 000Lahti
61%
234 000Tampere
58%
202 000Oulu
57%
118 000Kuopio
52%
281 000Espoo
51%
226 000Vantaa
23%
140 000Jyväskylä
22%
84 000Por
18%

Rozkład punktacji

Percentyl według liczby udzielonych odpowiedzi

Procent ludzi z każdym wynikiem

Twoja historia wyników

Nie rozwiązałeś tego quizu